[Event "Tarragona Province-ch"]
[Site "Tarragona"]
[Date "2018.10.28"]
[Round "5"]
[White "Esplugas Esteve, Vicenc"]
[Black "Zurano Lopez, Pedro"]
[Result "1-0"]
[WhiteElo "2304"]
[BlackElo "2300"]
[PlyCount "95"]
[EventDate "2018.09.30"]
[EventType "swiss"]
[EventRounds "9"]
[EventCountry "ESP"]
[SourceTitle "CBM 187 Extra"]
[Source "ChessBase"]
[SourceDate "2018.11.04"]
[SourceVersion "1"]
[SourceVersionDate "2018.11.04"]
[SourceQuality "1"]

1. d4 Nf6 2. c4 e6 3. Nc3 Bb4 4. Qc2 d6 5. Bg5 h6 6. Bh4 Nc6 7. e3 0-0 8. Bd3 e5 9. d5 Bxc3+ 10. Qxc3 Nb8 11. Ne2 Nbd7 12. Qc1 c6 13. Nc3 g5 14. Bg3 cxd5 15. cxd5 Nc5 16. Bc2 Qa5 17. a3 Qa6 18. Qd1 Bg4 19. f3 Bh5 20. Qe2 Qxe2+ 21. Kxe2 a6 22. Rhc1 Bg6 23. b4 Ncd7 24. Bxg6 fxg6 25. Rc2 Rfc8 26. Rac1 Kf7 27. e4 Ke7 28. Bf2 Kd8 29. Be3 Nh5 30. g3 Rc4 31. Nd1 Rxc2+ 32. Rxc2 Rc8 33. Nc3 Rc4 34. Kd3 b5 35. Rb2 Rc7 36. a4 bxa4 37. Ra2 Rb7 38. Rxa4 Nb8 39. Bd2 Nf6 40. Nd1 Rf7 41. Ne3 Nfd7 42. Ke2 Kc7 43. Ra2 Nb6 44. b5 Kb7 45. bxa6+ Nxa6 46. Ba5 Nc5 47. Bxb6 Kxb6 48. Nc4+ 1-0

[Event "Balaguer rapid op 24th"]
[Site "Balaguer"]
[Date "2016.09.18"]
[Round "9"]
[White "Cruz Estrada, Filemon"]
[Black "Zurano Lopez, Pedro"]
[Result "1-0"]
[WhiteElo "2330"]
[BlackElo "2319"]
[PlyCount "103"]
[EventDate "2016.09.18"]
[EventType "swiss (rapid)"]
[EventRounds "9"]
[EventCountry "ESP"]
[SourceTitle "CBM 174 Extra"]
[Source "ChessBase"]
[SourceDate "2016.10.10"]
[SourceVersion "1"]
[SourceVersionDate "2016.10.10"]
[SourceQuality "1"]

1. c4 e6 2. Nc3 d5 3. d4 Nf6 4. cxd5 exd5 5. Bg5 Bb4 6. Qb3 Nc6 7. e3 0-0 8. Bb5 h6 9. Bh4 g5 10. Bg3 Ne4 11. Nge2 Bf5 12. Bxc6 Bxc3+ 13. Nxc3 bxc6 14. Nxe4 Bxe4 15. f3 Bf5 16. Rc1 Rb8 17. Qa3 Re8 18. Bf2 Qe7 19. Qxe7 Rxe7 20. b3 Rb6 21. Kd2 Ra6 22. a4 Re8 23. Bg3 Rb8 24. Rc3 Rb7 25. Ra1 Rab6 26. Ra3 a5 27. Kc1 Kf8 28. Kb2 Ke7 29. Rc5 Bd3 30. Kc3 Bf1 31. Rxa5 Bxg2 32. f4 Bf3 33. Kc2 Be4+ 34. Kb2 Bd3 35. Kc3 Be2 36. Kc2 Kf6 37. Rc5 Kf5 38. Rc3 Ke4 39. Kd2 Ba6 40. a5 Rb4 41. Rxc6 Bf1 42. Rc3 g4 43. Bh4 c5 44. dxc5 d4 45. exd4 Rxd4+ 46. Ke1 Bg2 47. c6 Rc7 48. a6 Kf5 49. a7 Rxc6 50. Ra5+ Kg6 51. Rxc6+ Bxc6 52. Ra6 1-0

[Event "Balaguer rapid op 24th"]
[Site "Balaguer"]
[Date "2016.09.18"]
[Round "8"]
[White "Movsziszian, Karen"]
[Black "Zurano Lopez, Pedro"]
[Result "0-1"]
[WhiteElo "2502"]
[BlackElo "2319"]
[PlyCount "110"]
[EventDate "2016.09.18"]
[EventType "swiss (rapid)"]
[EventRounds "9"]
[EventCountry "ESP"]
[SourceTitle "CBM 174 Extra"]
[Source "ChessBase"]
[SourceDate "2016.10.10"]
[SourceVersion "1"]
[SourceVersionDate "2016.10.10"]
[SourceQuality "1"]

1. g3 g6 2. Bg2 Bg7 3. e4 e5 4. Ne2 Ne7 5. 0-0 d5 6. exd5 Nxd5 7. Nbc3 Nb6 8. d3 0-0 9. a4 a5 10. Be3 c6 11. Qd2 Be6 12. Ne4 N8d7 13. Bh6 Qe7 14. Bxg7 Kxg7 15. N2c3 h6 16. f4 f5 17. Nf2 exf4 18. Qxf4 Nf6 19. Rfe1 Rfe8 20. Qd4 Qb4 21. Qe5 Nbd7 22. Qf4 Qxf4 23. gxf4 Nb6 24. Nh3 Bd5 25. Nxd5 Nfxd5 26. c3 Kf6 27. Kf2 Rxe1 28. Rxe1 Nxa4 29. Bxd5 cxd5 30. Ra1 Nxb2 31. Ke3 a4 32. Kd2 a3 33. Ng1 Ra4 34. Ne2 g5 35. fxg5+ hxg5 36. Nd4 f4 37. Kc2 g4 38. Rf1 f3 39. h3 a2 40. Nb3 a1Q 41. Nxa1 Rxa1 42. Rxa1 g3 43. Kd2 f2 44. Ke2 Nxd3 45. Kf1 Kg5 46. Ra4 Nf4 47. Rd4 g2+ 48. Kxf2 g1Q+ 49. Kxg1 Ne2+ 50. Kf2 Nxd4 51. cxd4 Kf4 52. h4 Kg4 53. Ke3 Kxh4 54. Kf4 b5 55. Ke5 b4 0-1

[Event "Santa Coloma op rapid 9th"]
[Site "Santa Coloma"]
[Date "2016.06.05"]
[Round "3"]
[White "Alonso Rosell, Alvar"]
[Black "Zurano Lopez, Pedro"]
[Result "1-0"]
[WhiteElo "2550"]
[BlackElo "2301"]
[PlyCount "82"]
[EventDate "2016.06.05"]
[EventType "swiss (rapid)"]
[EventRounds "8"]
[EventCountry "ESP"]
[SourceTitle "CBM 172 Extra"]
[Source "ChessBase"]
[SourceDate "2016.06.21"]
[SourceVersion "1"]
[SourceVersionDate "2016.06.21"]
[SourceQuality "1"]

1. Nf3 Nf6 2. c4 c5 3. Nc3 Nc6 4. g3 d6 5. d4 cxd4 6. Nxd4 Bd7 7. Bg2 g6 8. 0-0 Bg7 9. Nxc6 Bxc6 10. e4 0-0 11. Bg5 h6 12. Be3 Qa5 13. Qd2 Kh7 14. h3 Rac8 15. Rac1 Rfd8 16. Rfd1 a6 17. a3 b5 18. cxb5 axb5 19. Bd4 e5 20. Be3 b4 21. Nd5 Bxd5 22. exd5 Rxc1 23. Rxc1 e4 24. Bd4 Qxd5 25. Qxb4 Nd7 26. Bxg7 Kxg7 27. Bxe4 Qe6 28. Qd4+ Qf6 29. Qxf6+ Kxf6 30. b4 Ke5 31. Bc6 d5 32. a4 d4 33. f4+ Kd6 34. Bb5 Kd5 35. Kf2 Nf6 36. Bc6+ Kd6 37. b5 Nd5 38. Bxd5 Kxd5 39. a5 Ke4 40. b6 d3 41. b7 Kd5 1-0

[Event "Amposta Calbet Memorial"]
[Site "Amposta"]
[Date "2016.05.07"]
[Round "4"]
[White "Chalmeta Torredemer, Enric"]
[Black "Zurano Lopez, Pedro"]
[Result "0-1"]
[WhiteElo "2007"]
[BlackElo "2297"]
[PlyCount "56"]
[EventDate "2016.04.16"]
[EventType "swiss"]
[EventRounds "8"]
[EventCountry "ESP"]
[SourceTitle "CBM 172 Extra"]
[Source "ChessBase"]
[SourceDate "2016.06.21"]
[SourceVersion "1"]
[SourceVersionDate "2016.06.21"]
[SourceQuality "1"]

1. e4 c6 2. d4 d5 3. f3 Nd7 4. Be3 dxe4 5. fxe4 e5 6. Nf3 exd4 7. Bxd4 Nc5 8. Nbd2 Nf6 9. Bc4 Be7 10. Qe2 0-0 11. 0-0-0 b5 12. Bxc5 Bxc5 13. Nb3 Qe7 14. Bd3 Ng4 15. Nxc5 Qxc5 16. Rd2 Ne5 17. Nxe5 Qxe5 18. g4 a5 19. Rf1 a4 20. c3 a3 21. b3 Qxc3+ 22. Rc2 Qa1+ 23. Kd2 Qd4 24. Rxc6 Rd8 25. Qe3 Qb4+ 26. Rc3 Bxg4 27. Qc5 Qxe4 28. Qxb5 Qe2+ 0-1

[Event "Amposta Calbet Memorial"]
[Site "Amposta"]
[Date "2016.04.30"]
[Round "3"]
[White "Zurano Lopez, Pedro"]
[Black "Moreno Robert, Eduardo"]
[Result "1-0"]
[WhiteElo "2297"]
[BlackElo "1896"]
[PlyCount "43"]
[EventDate "2016.04.16"]
[EventType "swiss"]
[EventRounds "8"]
[EventCountry "ESP"]
[SourceTitle "CBM 172 Extra"]
[Source "ChessBase"]
[SourceDate "2016.06.21"]
[SourceVersion "1"]
[SourceVersionDate "2016.06.21"]
[SourceQuality "1"]

1. d4 d6 2. g3 Bf5 3. Bg2 c6 4. e4 Bg6 5. c4 Nd7 6. Nc3 e5 7. Nge2 f5 8. 0-0 Ngf6 9. exf5 Bxf5 10. b4 Nb6 11. b5 Qc7 12. bxc6 bxc6 13. c5 Nbd7 14. dxe5 Nxe5 15. Nd4 Bd7 16. Re1 0-0-0 17. Qa4 Re8 18. Bf4 Ng6 19. Rxe8+ Bxe8 20. cxd6 Bxd6 21. Qa6+ Kd8 22. Ne6+ 1-0

[Event "Catalunya-chT"]
[Site "Catalunya"]
[Date "2014.04.05"]
[Round "11.2"]
[White "Cuartas, Jaime Alexander"]
[Black "Zurano Lopez, Pedro"]
[Result "1-0"]
[WhiteElo "2483"]
[BlackElo "2303"]
[PlyCount "77"]
[EventDate "2014.01.25"]
[EventType "team"]
[EventRounds "11"]
[EventCountry "ESP"]
[SourceTitle "EXT 2015"]
[Source "ChessBase"]
[SourceDate "2014.11.20"]
[SourceVersion "1"]
[SourceVersionDate "2014.11.20"]
[SourceQuality "1"]
[WhiteTeam "Peona I Peo"]
[BlackTeam "Reus Deportiu"]
[WhiteTeamCountry "ESP"]
[BlackTeamCountry "ESP"]

1. e4 e5 2. Nf3 Nc6 3. Bb5 a6 4. Bxc6 dxc6 5. d4 exd4 6. Qxd4 Qxd4 7. Nxd4 Bd6 8. Nc3 Ne7 9. Be3 c5 10. Nde2 Be6 11. Bf4 f6 12. 0-0-0 0-0-0 13. h4 Rhe8 14. f3 Bf7 15. Rd2 Nc6 16. Bxd6 cxd6 17. Rhd1 Kc7 18. Nf4 Ne7 19. g4 g5 20. Ng2 h5 21. Ne3 hxg4 22. Rh1 gxh4 23. fxg4 Rh8 24. Rf2 Rh7 25. Rxf6 h3 26. g5 Rg8 27. Rh6 Rxh6 28. gxh6 Be6 29. Ncd5+ Nxd5 30. Nxd5+ Kd8 31. Nf4 Bg4 32. Nxh3 Bf3 33. h7 Re8 34. Rh2 Bxe4 35. Ng5 Bxh7 36. Rxh7 Kc8 37. Nf7 Kc7 38. Ne5+ Kb8 39. Nc4 1-0

[Event "Tarragona op 6th"]
[Site "Tarragona"]
[Date "2005.08.24"]
[Round "5"]
[White "Zurano Lopez, Pedro"]
[Black "Chabanon, Jean Luc"]
[Result "1/2-1/2"]
[WhiteElo "2253"]
[BlackElo "2426"]
[PlyCount "57"]
[EventDate "2005.08.20"]
[EventType "swiss"]
[EventRounds "9"]
[EventCountry "ESP"]
[SourceTitle "CBM 108 Extra"]
[Source "ChessBase"]
[SourceDate "2005.11.04"]
[SourceVersion "1"]
[SourceVersionDate "2005.11.04"]
[SourceQuality "1"]

1. d4 Nf6 2. Nf3 e6 3. g3 d5 4. Bg2 a6 5. 0-0 b5 6. a4 Bb7 7. axb5 axb5 8. Rxa8 Bxa8 9. Bf4 Nbd7 10. Nbd2 Nh5 11. Bg5 f6 12. Be3 Bd6 13. Nb3 g6 14. Qd3 c6 15. Ra1 0-0 16. Nc5 Re8 17. Bh3 Bxc5 18. dxc5 Bb7 19. Ra7 Bc8 20. Qa3 e5 21. Bh6 Nf8 22. Bxc8 Qxc8 23. Bxf8 Rxf8 24. Qa6 Qxa6 25. Rxa6 Rc8 26. Nd2 Ng7 27. b4 Nf5 28. Nb3 Kf7 29. Na5 1/2-1/2

[Event "Villagarcia de Arosa op"]
[Site "Villagarcia de Arosa"]
[Date "2005.08.02"]
[Round "2"]
[White "Hernandez Carmenates, Holden"]
[Black "Zurano Lopez, Pedro"]
[Result "1-0"]
[WhiteElo "2458"]
[BlackElo "2253"]
[PlyCount "85"]
[EventDate "2005.08.01"]
[EventType "swiss"]
[EventRounds "9"]
[EventCountry "ESP"]
[SourceTitle "CBM 107 Extra"]
[Source "ChessBase"]
[SourceDate "2005.09.01"]
[SourceVersion "1"]
[SourceVersionDate "2005.09.01"]
[SourceQuality "1"]

1. d4 d5 2. c4 e6 3. Nc3 Nf6 4. cxd5 exd5 5. Bg5 Be7 6. e3 c6 7. Bd3 Nbd7 8. Qc2 0-0 9. Nge2 Re8 10. 0-0 Nf8 11. Rab1 a5 12. a3 Ng6 13. Na4 Bd6 14. Nf4 h6 15. Bxf6 Qxf6 16. Nxg6 fxg6 17. Nb6 Rb8 18. Bxg6 Rf8 19. Bh7+ Kh8 20. Bd3 Qe7 21. Nxc8 Rbxc8 22. Qb3 h5 23. Bc2 g5 24. Qd3 Rf6 25. Rbc1 Qc7 26. g3 Re8 27. f4 gxf4 28. exf4 Rg8 29. Rf3 h4 30. Kh1 Rg7 31. Rcf1 Rh6 32. Rg1 hxg3 33. Rgxg3 Bxf4 34. Rxg7 Rxh2+ 35. Kg1 Qxg7+ 36. Kf1 Rh1+ 37. Ke2 Rh2+ 38. Ke1 Rh1+ 39. Rf1 Bg3+ 40. Kd1 Rxf1+ 41. Qxf1 Bd6 42. Qh3+ Kg8 43. Qe6+ 1-0

[Event "ESP-ch Universities"]
[Site "Granada"]
[Date "2005.05.10"]
[Round "5"]
[White "Zurano Lopez, Pedro"]
[Black "Fluvia Poyatos, Joan"]
[Result "1/2-1/2"]
[WhiteElo "2292"]
[BlackElo "2478"]
[PlyCount "29"]
[EventDate "2005.05.09"]
[EventType "team"]
[EventRounds "9"]
[EventCountry "ESP"]
[SourceTitle "CBM 106 Extra"]
[Source "ChessBase"]
[SourceDate "2005.07.01"]
[SourceVersion "1"]
[SourceVersionDate "2005.07.01"]
[SourceQuality "1"]

1. d4 Nf6 2. c4 e6 3. Nc3 Bb4 4. Bd2 b6 5. Nf3 Bb7 6. g3 Nc6 7. a3 Bxc3 8. Bxc3 d5 9. Bg2 Ne4 10. Qa4 0-0 11. 0-0 Qe8 12. Qc2 Nxc3 13. Qxc3 Na5 14. Nd2 dxc4 15. Bxb7 1/2-1/2

[Event "Tarragona-ch"]
[Site "Tarragona"]
[Date "2003.??.??"]
[Round "9"]
[White "Zurano Lopez, Pedro"]
[Black "Perpinya Rofes, Lluis Maria"]
[Result "1-0"]
[WhiteElo "2360"]
[BlackElo "2395"]
[PlyCount "60"]
[EventDate "2003.??.??"]
[EventType "swiss"]
[EventRounds "9"]
[EventCountry "ESP"]
[SourceTitle "EXT 2007"]
[Source "ChessBase"]
[SourceDate "2006.11.23"]
[SourceVersion "1"]
[SourceVersionDate "2006.11.23"]
[SourceQuality "1"]

1. d4 Nf6 2. c4 g6 3. Nf3 Bg7 4. g3 0-0 5. Bg2 d6 6. Nc3 Nc6 7. 0-0 a6 8. Re1 Rb8 9. Rb1 Bf5 10. e4 Bg4 11. Be3 Nd7 12. Qd2 e5 13. d5 Bxf3 14. Bxf3 Nd4 15. Bg2 c5 16. dxc6 bxc6 17. Ne2 c5 18. Nc3 Nb6 19. b3 Qd7 20. Kh1 h5 21. h4 Kh7 22. Qd3 Bf6 23. a4 Bd8 24. a5 Na8 25. Nd5 Nc7 26. Nb6 Qe6 27. Kh2 Na8 28. Bxd4 cxd4 29. Bh3 f5 30. Nxa8 Rxa8 1-0

[Event "ESP-ch op-A"]
[Site "Cala Mendia"]
[Date "2001.11.25"]
[Round "9"]
[White "Ducros Salva, Antonio"]
[Black "Zurano Lopez, Pedro"]
[Result "1-0"]
[WhiteElo "2192"]
[BlackElo "2261"]
[PlyCount "95"]
[EventDate "2001.11.17"]
[EventType "swiss"]
[EventRounds "9"]
[EventCountry "ESP"]
[SourceTitle "CBM 085 Extra"]
[Source "ChessBase"]
[SourceDate "2002.01.21"]
[SourceVersion "1"]
[SourceVersionDate "2002.01.21"]
[SourceQuality "1"]

1. c3 e5 2. c4 g6 3. Nc3 Bg7 4. g3 Ne7 5. Bg2 c6 6. e4 d6 7. d3 0-0 8. Nge2 Be6 9. 0-0 f5 10. b3 Nd7 11. f4 Nf6 12. h3 Qd7 13. Kh2 Rad8 14. Be3 b6 15. Rc1 Nh5 16. d4 exf4 17. Nxf4 Nxf4 18. Bxf4 fxe4 19. d5 cxd5 20. cxd5 Bf7 21. Bxe4 b5 22. a4 a6 23. axb5 axb5 24. Qd3 Rb8 25. Na2 h6 26. h4 Rfc8 27. Nb4 Rxc1 28. Rxc1 Bf8 29. Qd2 Kh7 30. Nc6 Ra8 31. Rc2 Ng8 32. Qd3 Nf6 33. Bf3 Qb7 34. Kg2 Be8 35. Re2 Bd7 36. Qd4 Bg7 37. Re7 Re8 38. Qxf6 Rxe7 39. Qxe7 Bxc6 40. Qxd6 Bd7 41. Be4 Bf5 42. Bxf5 gxf5 43. Qe6 Qa8 44. Qxf5+ Kh8 45. Qd3 Qa2+ 46. Kh3 Qa1 47. d6 Qh1+ 48. Kg4 1-0

[Event "ESP-ch op-A"]
[Site "Cala Mendia"]
[Date "2001.11.24"]
[Round "8"]
[White "Zurano Lopez, Pedro"]
[Black "Picazo Lopez, Juan Antonio"]
[Result "1/2-1/2"]
[WhiteElo "2261"]
[BlackElo "2055"]
[PlyCount "45"]
[EventDate "2001.11.17"]
[EventType "swiss"]
[EventRounds "9"]
[EventCountry "ESP"]
[SourceTitle "CBM 085 Extra"]
[Source "ChessBase"]
[SourceDate "2002.01.21"]
[SourceVersion "1"]
[SourceVersionDate "2002.01.21"]
[SourceQuality "1"]

1. d4 Nf6 2. Nf3 e6 3. g3 d5 4. Bg2 Nbd7 5. 0-0 Be7 6. c4 c6 7. Nbd2 0-0 8. Qc2 Re8 9. b3 Bd6 10. Bb2 e5 11. cxd5 cxd5 12. dxe5 Nxe5 13. Rac1 Nc6 14. Qb1 Rxe2 15. Qa1 Bb4 16. Rfd1 Bf5 17. a3 Bxd2 18. Rxd2 Rxd2 19. Nxd2 Ne8 20. b4 a6 21. Rd1 Be6 22. Nc4 Qg5 23. h4 1/2-1/2

[Event "ESP-ch op-A"]
[Site "Cala Mendia"]
[Date "2001.11.18"]
[Round "2"]
[White "Gual Pascual, Antonio"]
[Black "Zurano Lopez, Pedro"]
[Result "1-0"]
[WhiteElo "2400"]
[BlackElo "2261"]
[PlyCount "107"]
[EventDate "2001.11.17"]
[EventType "swiss"]
[EventRounds "9"]
[EventCountry "ESP"]
[SourceTitle "CBM 085 Extra"]
[Source "ChessBase"]
[SourceDate "2002.01.21"]
[SourceVersion "1"]
[SourceVersionDate "2002.01.21"]
[SourceQuality "1"]

1. d4 g6 2. c4 c6 3. e4 d5 4. exd5 cxd5 5. Nc3 Nf6 6. cxd5 Bg7 7. Bc4 0-0 8. Nge2 Nbd7 9. Bb3 Nb6 10. Nf4 Bf5 11. 0-0 h6 12. Re1 Qd7 13. a4 a5 14. h3 Qd8 15. Qf3 h5 16. Bd2 Qd7 17. Nfe2 Rfd8 18. Ng3 Nfxd5 19. Nxd5 Nxd5 20. Bxd5 Qxd5 21. Nxf5 Qxf5 22. Qxf5 gxf5 23. Rxe7 Bxd4 24. Bc3 b6 25. Bxd4 Rxd4 26. Re5 Rb4 27. Ra2 Rc8 28. Rxf5 Rc1+ 29. Kh2 Rc2 30. Kg3 h4+ 31. Kf3 Rb3+ 32. Kg4 Rbxb2 33. Rxb2 Rxb2 34. Rf4 Rb4 35. Kf3 Rb3+ 36. Ke2 Rb2+ 37. Ke3 Rb3+ 38. Kd2 Rb2+ 39. Kc3 Ra2 40. Kb3 Re2 41. Kc4 Rb2 42. Kd5 Kg7 43. f3 Rxg2 44. Rg4+ Rxg4 45. fxg4 Kf6 46. Kc6 Kg5 47. Kxb6 Kf4 48. Kxa5 Kg3 49. Kb4 Kxh3 50. a5 Kxg4 51. a6 Kg3 52. a7 h3 53. a8Q Kh2 54. Qf3 1-0

[Event "ESP-ch"]
[Site "Linares"]
[Date "1998.08.14"]
[Round "3"]
[White "Zurano Lopez, Pedro"]
[Black "Fernandez Siles, Luis"]
[Result "1/2-1/2"]
[WhiteElo "2265"]
[BlackElo "2280"]
[PlyCount "92"]
[EventDate "1998.08.??"]
[EventType "swiss"]
[EventRounds "9"]
[EventCountry "ESP"]
[SourceTitle "EXT 1999"]
[Source "ChessBase"]
[SourceDate "1998.11.16"]
[SourceVersion "1"]
[SourceVersionDate "1998.11.16"]
[SourceQuality "1"]

1. e4 c6 2. d4 d5 3. Nd2 dxe4 4. Nxe4 Nd7 5. Bc4 Ngf6 6. Nxf6+ Nxf6 7. c3 Qc7 8. Ne2 Bf5 9. Bf4 Qb6 10. a4 e6 11. a5 Qd8 12. Qb3 Qd7 13. 0-0 Be7 14. Rfe1 Nd5 15. Bg3 0-0 16. Nf4 Rac8 17. Nd3 Bxd3 18. Bxd3 c5 19. Bb5 Qd8 20. a6 b6 21. Rad1 cxd4 22. Rxd4 Bc5 23. Rd2 Qg5 24. Qd1 Rfd8 25. Re5 Ne3 26. Qc1 Nf5 27. Bf4 Qg4 28. h3 Qh4 29. Ree2 Nd6 30. Bxd6 Bxd6 31. Qd1 Qe7 32. Re3 Bf4 33. Rxd8+ Rxd8 34. Rd3 Rxd3 35. Qxd3 Qd6 36. Qf3 g6 37. g3 Be5 38. Be8 Qc7 39. Qa8 Qb8 40. Qc6 Kf8 41. Bd7 Ke7 42. Kg2 Qd6 43. Qxd6+ Kxd6 44. Be8 f5 45. Kf3 Bf6 46. Ke3 Ke7 1/2-1/2

[Event "Catalunya-chT"]
[Site "Spain"]
[Date "1998.??.??"]
[Round "2"]
[White "Cordero Galan, Gonzalo"]
[Black "Zurano Lopez, Pedro"]
[Result "0-1"]
[WhiteElo "2190"]
[BlackElo "2310"]
[PlyCount "43"]
[EventDate "1998.01.??"]
[EventType "team"]
[EventRounds "9"]
[EventCountry "ESP"]
[SourceTitle "EXT 2003"]
[Source "ChessBase"]
[SourceDate "2002.11.25"]
[SourceVersion "1"]
[SourceVersionDate "2002.11.25"]
[SourceQuality "1"]

1. e4 c6 2. d4 d5 3. e5 Bf5 4. Nc3 e6 5. g4 Bg6 6. h4 h5 7. g5 c5 8. Nge2 Nc6 9. Be3 cxd4 10. Nxd4 Nxe5 11. f4 Nc6 12. f5 exf5 13. Qf3 Bb4 14. 0-0-0 Nge7 15. Ndb5 Qa5 16. Kb1 a6 17. Nd4 Bxc3 18. bxc3 Qxc3 19. Qf2 f4 20. Bxf4 Nxd4 21. Qxd4 Bxc2+ 22. Kc1 0-1

[Event "Catalunya-chT"]
[Site "Spain"]
[Date "1998.??.??"]
[Round "5"]
[White "Zurano Lopez, Pedro"]
[Black "Jose Abril, Ramon"]
[Result "1/2-1/2"]
[WhiteElo "2310"]
[BlackElo "2400"]
[PlyCount "72"]
[EventDate "1998.01.??"]
[EventType "team"]
[EventRounds "9"]
[EventCountry "ESP"]
[SourceTitle "EXT 2003"]
[Source "ChessBase"]
[SourceDate "2002.11.25"]
[SourceVersion "1"]
[SourceVersionDate "2002.11.25"]
[SourceQuality "1"]

1. d4 Nf6 2. Nf3 e6 3. c4 c5 4. g3 cxd4 5. Nxd4 d5 6. Bg2 e5 7. Nc2 d4 8. 0-0 Nc6 9. Bg5 Be6 10. Nd2 Be7 11. f4 Ng4 12. Bxe7 Qxe7 13. f5 Bd7 14. Ne4 Nf6 15. b4 Nxb4 16. Nxb4 Qxb4 17. Rb1 Qa3 18. Nxf6+ gxf6 19. Rxb7 Rd8 20. Qb3 Qc5 21. Qb4 Qxb4 22. Rxb4 Rc8 23. Bd5 0-0 24. Rb7 Bc6 25. Rxa7 Bxd5 26. cxd5 Rfd8 27. Rb1 Rxd5 28. Rbb7 Rf8 29. a4 Rc5 30. a5 Rc2 31. Kf1 Ra2 32. Rd7 Rc8 33. Rxf7 d3 34. Rg7+ Kf8 35. Raf7+ Ke8 36. Re7+ Kf8 1/2-1/2

[Event "Catalunya-chT"]
[Site "Spain"]
[Date "1998.??.??"]
[Round "7"]
[White "Zurano Lopez, Pedro"]
[Black "Lacasa Diaz, Jose Antonio"]
[Result "1/2-1/2"]
[WhiteElo "2310"]
[BlackElo "2375"]
[PlyCount "39"]
[EventDate "1998.01.??"]
[EventType "team"]
[EventRounds "9"]
[EventCountry "ESP"]
[SourceTitle "EXT 2003"]
[Source "ChessBase"]
[SourceDate "2002.11.25"]
[SourceVersion "1"]
[SourceVersionDate "2002.11.25"]
[SourceQuality "1"]

1. d4 Nf6 2. Nf3 c5 3. d5 e6 4. Nc3 exd5 5. Nxd5 Nxd5 6. Qxd5 d6 7. e4 Be7 8. Be2 0-0 9. 0-0 Nc6 10. Bf4 Qb6 11. Qb3 Be6 12. Qxb6 axb6 13. Rfd1 Rfd8 14. a4 d5 15. exd5 Rxd5 16. Bb5 Bf6 17. Bc7 Bd8 18. Bf4 Bf6 19. Bc7 Bd8 20. Bf4 1/2-1/2

[Event "ESP-ch U18"]
[Site "Spain"]
[Date "1997.??.??"]
[Round "7"]
[White "Cruz Alvarez de Ron, Dan"]
[Black "Zurano Lopez, Pedro"]
[Result "1/2-1/2"]
[WhiteElo "2110"]
[BlackElo "2300"]
[PlyCount "40"]
[EventDate "1997.??.??"]
[EventType "swiss"]
[EventRounds "9"]
[EventCountry "ESP"]
[SourceTitle "EXT 2001"]
[Source "ChessBase"]
[SourceDate "2000.11.22"]
[SourceVersion "1"]
[SourceVersionDate "2000.11.22"]
[SourceQuality "1"]

1. d4 d5 2. Nf3 c6 3. e3 Nf6 4. c4 e6 5. Nbd2 Nbd7 6. Bd3 Bd6 7. 0-0 0-0 8. Qc2 h6 9. b3 Re8 10. Bb2 e5 11. e4 dxe4 12. Nxe4 Nxe4 13. Bxe4 exd4 14. Bxd4 Nf6 15. Bf5 Ng4 16. Rad1 Qc7 17. g3 Ne5 18. Nxe5 Bxe5 19. Rfe1 Bxf5 20. Qxf5 Bxd4 1/2-1/2